SSB interview : the complete guide (Record no. 12005)

000 -LEADER
fixed length control field 00416nam a22001577a 4500
008 - FIXED-LENGTH DATA ELEMENTS--GENERAL INFORMATION
fixed length control field 211103b ||||| |||| 00| 0 eng d
020 ## - INTERNATIONAL STANDARD BOOK NUMBER
International Standard Book Number 9788184955699
082 ## - DEWEY DECIMAL CLASSIFICATION NUMBER
Classification number 310
Item number NAT
100 ## - MAIN ENTRY--PERSONAL NAME
Personal name Natarajan, N.K.
245 ## - TITLE STATEMENT
Title SSB interview : the complete guide
260 ## - PUBLICATION, DISTRIBUTION, ETC. (IMPRINT)
Place of publication, distribution, etc Mumbai
Name of publisher, distributor, etc Jaico publishing house
Date of publication, distribution, etc 2016
300 ## - PHYSICAL DESCRIPTION
Extent vii, 343p.
650 ## - SUBJECT ADDED ENTRY--TOPICAL TERM
Topical term or geographic name as entry element SSB Interview
650 ## - SUBJECT ADDED ENTRY--TOPICAL TERM
Topical term or geographic name as entry element Services Selection Board
942 ## - ADDED ENTRY ELEMENTS (KOHA)
Item type Gratis Books
Holdings
Withdrawn status Lost status Source of classification or shelving scheme Damaged status Not for loan Collection code Permanent location Current location Shelving location Date acquired Total Checkouts Total Renewals Full call number Barcode Date last seen Date last borrowed Koha item type Public note
          Non-fiction IMU-MPC Library IMU-MPC Library General Stacks 2021-11-03 3 6 310 NAT MPCG0414 2026-04-13 2026-02-18 Gratis Books Column-63
Copyright © 2021 Indian Maritime University, Mumbai Port Campus. All Rights Reserved. Managed & Maintained by Central Library, IMU-Mumbai

webs counters

Powered by Koha